HS political theory (Record no. 8252)
[ view plain ]
| 000 -LEADER | |
|---|---|
| fixed length control field | 00445cam a2200193ua 4500 |
| 001 - CONTROL NUMBER | |
| control field | 9189 |
| 005 - DATE AND TIME OF LATEST TRANSACTION | |
| control field | 20260515114434.0 |
| 008 - FIXED-LENGTH DATA ELEMENTS--GENERAL INFORMATION | |
| fixed length control field | 150223n ii |||gr||||Z||||||eng |
| 040 ## - CATALOGING SOURCE | |
| Transcribing agency | MAIN |
| 041 ## - LANGUAGE CODE | |
| Language code of text/sound track or separate title | eng |
| 082 ## - DEWEY DECIMAL CLASSIFICATION NUMBER | |
| Classification number | 320.5 |
| 100 ## - MAIN ENTRY--PERSONAL NAME | |
| Personal name | Paul, K. Ch., |
| Relator term | Author. |
| 245 1# - TITLE STATEMENT | |
| Title | HS political theory |
| Statement of responsibility, etc. | By K. Ch. Paul |
| 250 ## - EDITION STATEMENT | |
| Edition statement | 21th. |
| 260 ## - PUBLICATION, DISTRIBUTION, ETC. | |
| Place of publication, distribution, etc. | New Delhi: |
| Name of publisher, distributor, etc. | Kalyani, |
| Date of publication, distribution, etc. | 2010. |
| 300 ## - PHYSICAL DESCRIPTION | |
| Extent | 210p. |
| 653 ## - INDEX TERM--UNCONTROLLED | |
| Uncontrolled term | Political science |
| 942 ## - ADDED ENTRY ELEMENTS (KOHA) | |
| Koha item type | Books |
| Withdrawn status | Lost status | Damaged status | Not for loan | Home library | Current library | Date acquired | Total checkouts | Full call number | Barcode | Date last seen | Date last checked out | Copy number | Price effective from | Koha item type |
|---|---|---|---|---|---|---|---|---|---|---|---|---|---|---|
| Naharkatiya College Library | Naharkatiya College Library | 09/19/2020 | 13 | 320.5 | PAU | 19447 | 03/12/2025 | 02/22/2025 | 7 | 09/19/2020 | Books | ||||
| Naharkatiya College Library | Naharkatiya College Library | 09/19/2020 | 9 | 320.5 | PAU | 19448 | 12/13/2023 | 12/13/2023 | 10 | 09/19/2020 | Books | ||||
| Naharkatiya College Library | Naharkatiya College Library | 09/19/2020 | 320.5 | PAU | 19450 | 09/19/2020 | 6 | 09/19/2020 | Books | ||||||
| Naharkatiya College Library | Naharkatiya College Library | 09/19/2020 | 12 | 320.5 | PAU | 19710 | 02/20/2025 | 02/10/2025 | 9 | 09/19/2020 | Books | ||||
| Naharkatiya College Library | Naharkatiya College Library | 09/19/2020 | 10 | 320.5 | PAU | 19711 | 03/12/2025 | 02/20/2025 | 5 | 09/19/2020 | Books | ||||
| Naharkatiya College Library | Naharkatiya College Library | 09/19/2020 | 320.5 | PAU | 19768 | 09/19/2020 | 3 | 09/19/2020 | Books | ||||||
| Naharkatiya College Library | Naharkatiya College Library | 09/19/2020 | 320.5 | PAU | 19769 | 09/19/2020 | 2 | 09/19/2020 | Books | ||||||
| Naharkatiya College Library | Naharkatiya College Library | 09/19/2020 | 2 | 320.5 | PAU | 19770 | 11/13/2025 | 10/29/2025 | 4 | 09/19/2020 | Books | ||||
| Naharkatiya College Library | Naharkatiya College Library | 09/19/2020 | 1 | 320.5 | PAU | 19771 | 02/22/2024 | 02/12/2024 | 1 | 09/19/2020 | Books | ||||
| Naharkatiya College Library | Naharkatiya College Library | 09/19/2020 | 17 | 320.5 | PAU | 20094 | 06/19/2025 | 06/04/2025 | 8 | 09/19/2020 | Books |